Concherías : romances, epigramas y otros poemas

Saved in:
Bibliographic Details
Main Author: Echeverría, Aquileo J.
Format: Book
Language:Undetermined
Published: San José, Costa Rica Trejos Hermanos 1953
Subjects:
Tags: Add Tag
No Tags, Be the first to tag this record!

MARC

LEADER 00000nam a2200000Ia 4500
008 170316s9999 xx 000 0 und d
040 |a cru BVZT 
090 |a 868 E-1c 
100 |a Echeverría, Aquileo J. 
245 |a Concherías : romances, epigramas y otros poemas 
260 |a San José, Costa Rica 
260 |b Trejos Hermanos 
260 |c 1953 
300 |a 319 páginas 
650 |a LITERATURA COSTARRICENSE  |9 17 
650 |a POEMAS 
999 |c 10993  |d 10993 
942 |c 4 D  |h 868 E-1c  |2 z